00420nam a2200145Ia 450000500170000000800410001703700130005804000200007104100130009108400240010410000140012824500700014226000530021230000090026520250326123448.0250326s9999 xx 000 0 und d aTextbook aFMSLbengcFMSL aeng2eng aX8(A).5923 M0qFMSL aMoore J H 0aGrowth with self-management:Yugoslav industrializationcMoore J H aCaliforniabCalifornia, Hoover Institutionc1980 a334p